[Event "IM"]
[Site "Panevezys LTU"]
[Date "2008.08.17"]
[Round "8"]
[White "Zapolskis,A"]
[Black "Zickus,S"]
[Result "0-1"]
[WhiteElo "2351"]
[BlackElo "2269"]

1.e4 c5 2.Nf3 Nc6 3.Bb5 g6 4.O-O Bg7 5.Re1 e5 6.Bxc6 dxc6 7.d3 Qe7 8.a4 a5
9.Be3 Nf6 10.h3 O-O 11.Nbd2 Rd8 12.Qc1 Nd7 13.Nc4 b6 14.Bh6 Ba6 15.Bxg7 Kxg7
16.Ne3 Nf8 17.b3 f6 18.Nh4 Kh8 19.g4 Ne6 20.Neg2 Nd4 21.f4 Bc8 22.Qd2 g5
23.fxg5 fxg5 24.Rf1 gxh4 25.Qh6 Qg7 26.Qh5 Be6 27.Rf2 Rf8 28.Raf1 Kg8 29.Nxh4 Rxf2
30.Rxf2 Rf8 31.Nf5 Bxf5 32.exf5 Qf6 33.g5 Qg7 34.f6 Qg6 35.Qg4 Qf7 36.h4 Qe6
37.Qe4 Qd5 38.Qg4 Qe6 39.Qe4 Rf7 40.c3 Nxb3 41.Rb2 Rd7 42.g6 Qxf6 43.Rf2 Qd6
44.Rg2 hxg6 45.h5 g5 46.h6 Kh8 47.Qg4 Qe7 48.Qc4 Qf7 49.Qe4 Qf4 50.Qxc6 Rf7
51.Qg6 Nc1 52.Qh5 Nxd3 53.Qe2 c4 54.Qd1 Qc1 55.Qxc1 Nxc1 56.Rxg5 Nd3 57.Rg6 Re7  0-1

[Event "Independence Cup A"]
[Site "Kyiv UKR"]
[Date "2008.08.18"]
[Round "6"]
[White "Manilyk,A"]
[Black "Vdovichenko,V"]
[Result "1-0"]
[WhiteElo "2139"]
[BlackElo "2222"]

1.e4 c5 2.Nf3 Nc6 3.Bb5 e6 4.O-O Nge7 5.Re1 a6 6.Bf1 Ng6 7.d4 cxd4 8.Nxd4 d6
9.Be3 Be7 10.Nc3 O-O 11.Nb3 b5 12.a4 b4 13.Nb1 a5 14.N1d2 d5 15.exd5 exd5
16.Bc5 Bxc5 17.Nxc5 Qf6 18.Ndb3 Rd8 19.Rb1 Bf5 20.g3 Nge5 21.Bg2 Be4 22.Qd2 Nf3+
23.Bxf3 Bxf3 24.Nd3 g5 25.Re3 h6 26.Ne1 Be4 27.Qe2 Bg6 28.Qf3 Qxf3 29.Rxf3 d4
30.Rf6 Rac8 31.f4 Kg7 32.fxg5 hxg5 33.Rf2 Rd5 34.Rd1 Rcd8 35.Nd3 Bxd3 36.cxd3 Ne5
37.Rc2 g4 38.Kg2 Rh8 39.Rc7 Nf3 40.h4 Re5 41.Nc1 Rhe8 42.Rf1 Re1 43.Rc5 Rxf1
44.Kxf1 Re1+ 45.Kf2 Rd1 46.Rc2 Rh1 47.Ne2 Ne1 48.Rd2 Nf3 49.Rc2 Ra1 50.b3 Rd1
51.Nc1 Ne5 52.Ke2 Rh1 53.Rc5 Nf3 54.Kf2 Rh2+ 55.Kf1 Rd2 56.Rc6 f6 57.Rc7+ Kg6
58.Ne2 Ne5 59.Rc5 Nxd3 60.Rxa5 Rd1+ 61.Kg2 Ne1+ 62.Kf2 Nf3 63.Nf4+ Kf7 64.Rd5 Rd2+
65.Kf1 Nh2+ 66.Ke1 Nf3+ 67.Kf1 Rb2 68.h5 Rh2 69.a5 Nd2+ 70.Kg1 Nf3+ 71.Kf1 Nd2+
72.Kg1 Nf3+ 73.Kf1 Nd2+ 74.Ke1 Nxb3 75.a6 Ra2 76.h6 d3 77.h7 Rh2 78.a7 d2+
79.Rxd2 Rh1+ 80.Kf2 Nxd2 81.a8=Q Rh2+ 82.Ng2 Rxh7 83.Qa2+  1-0

[Event "Independence Cup A"]
[Site "Kyiv UKR"]
[Date "2008.08.18"]
[Round "6"]
[White "Marusenko,P"]
[Black "Tkachuk,A"]
[Result "1-0"]
[WhiteElo "2327"]
[BlackElo "2119"]

1.e4 c5 2.Nf3 Nc6 3.Bb5 d6 4.O-O Bd7 5.c3 a6 6.Ba4 b5 7.Bc2 e5 8.d4 Qc7 9.a4 Rb8
10.d5 Na5 11.axb5 axb5 12.Ne1 Nf6 13.f4 exf4 14.Bxf4 Nc4 15.b3 Ne5 16.Nd2 Bg4
17.Nef3 Nfd7 18.Qe1 Bxf3 19.Nxf3 Nxf3+ 20.Rxf3 Ne5 21.Bxe5 dxe5 22.Qg3 f6
23.Rf2 Bd6 24.Bd1 Kf7 25.Qh3 Rbe8 26.Bg4 c4 27.b4 Ra8 28.Raf1 Ke7 29.Qh5 Kd8
30.Be6 Qe7 31.g3 Kc7 32.Rb1 Ra3 33.Rc2 h6 34.Qe2 Rha8 35.Rbb2 Kb8 36.Kg2 Qa7
37.Qh5 Qe7 38.Qg4 Kc7 39.Qe2 Kb8 40.Ra2 Rxa2 41.Rxa2 Rxa2 42.Qxa2 Qa7 43.Qe2 Qe7
44.Qg4 Kc7 45.Bf5 Kd8 46.h4 Kc7 47.h5 Kd8 48.Kf3 Kc7 49.Bc8 Qd8 50.Qxg7+ Kxc8
51.Qxh6 Qg8 52.Qxf6 Qf8 53.Qxf8+ Bxf8 54.Kg4 Kd7 55.Kf5 Bxb4 56.cxb4 c3 57.h6 c2
58.h7 c1=Q 59.h8=Q Qf1+ 60.Kg5 Qc1+ 61.Kg6  1-0

[Event "U16 Olympiad"]
[Site "Mersin TUR"]
[Date "2008.08.18"]
[Round "2"]
[White "Mazur,S"]
[Black "Pascua,H"]
[Result "1/2-1/2"]
[WhiteElo "2237"]
[BlackElo "2174"]

1.e4 c5 2.Nf3 Nc6 3.Bb5 g6 4.Bxc6 dxc6 5.h3 Bg7 6.d3 Nf6 7.Nc3 Nd7 8.Be3 e5
9.Qd2 Qe7 10.Nh2 Nf8 11.Bh6 Ne6 12.Bxg7 Nxg7 13.O-O-O Ne6 14.g3 Nd4 15.Qh6 Be6
16.Ng4 Bxg4 17.hxg4 Qe6 18.Qg7 O-O-O 19.Rxh7 Rxh7 20.Qxh7 Qf6 21.Qh2 Rh8
22.Qg2 Qg5+ 23.Kb1 Qxg4 24.Rh1 Rh5 25.a3 Kc7 26.Rxh5 gxh5 27.Qf1 Qf3 28.Qe1 b5
29.Nd1 Kb6 30.Ne3 a5 31.a4 Ka6 32.axb5+ cxb5 33.Nd5 b4 34.Qd2 Kb7 35.b3 Nb5
36.Kb2 Nc7 37.Ne3 Qf6 38.Nc4 Ka6 39.Qe3 Ne6 40.Qe2 Nd4 41.Qxh5 Qxf2 42.Qh6+ f6
43.Ne3 Kb5 44.Qg7 Kc6 45.Qg8 Qxe3 46.Qc8+ Kd6 47.Qd8+ Kc6 48.Qc8+ Kd6 49.Qd8+  1/2-1/2

[Event "U16 Olympiad"]
[Site "Mersin TUR"]
[Date "2008.08.18"]
[Round "2"]
[White "Tamazyan,H"]
[Black "Balokas,D"]
[Result "1-0"]
[WhiteElo "2139"]
[BlackElo "1665"]

1.e4 c5 2.Nf3 Nc6 3.Bb5 g6 4.O-O Bg7 5.Bxc6 dxc6 6.d3 Nf6 7.Qe2 Bg4 8.h3 Bxf3
9.Qxf3 O-O 10.Qe2 e5 11.a4 Nd7 12.b3 f5 13.Nd2 Bh6 14.exf5 gxf5 15.Bb2 Qc7
16.Nc4 Rae8 17.Qh5 Bg7 18.f4 Nf6 19.Qg5 exf4 20.Rae1 Rxe1 21.Rxe1 f3 22.Re6 h6
23.Qg6 Nd5 24.Be5 Qd7 25.gxf3 b5 26.Nd6 Nc7 27.Bxg7 Qxg7 28.Qxg7+ Kxg7 29.Re7+ Kf6
30.Rxc7 Ke6 31.Rxc6 Kd5 32.axb5  1-0

[Event "Open A"]
[Site "Vladimir RUS"]
[Date "2008.08.18"]
[Round "6"]
[White "Matinian,N"]
[Black "Kolmakov,P"]
[Result "1-0"]
[WhiteElo "2291"]
[BlackElo "2263"]

1.e4 c5 2.Nf3 Nc6 3.Bb5 g6 4.Bxc6 dxc6 5.d3 Bg7 6.h3 Nf6 7.Nc3 Nd7 8.Be3 e5
9.Qd2 O-O 10.Bh6 Qf6 11.h4 Bxh6 12.Qxh6 Rd8 13.h5 Nf8 14.hxg6 hxg6 15.Nd1 Bg4
16.Ne3 Bxf3 17.gxf3 Qg7 18.Qh2 Ne6 19.O-O-O Nf4 20.Kb1 Kf8 21.Rdg1 Ke8 22.Qh4 Kd7
23.Nf5 Qf8 24.Qf6 gxf5 25.Rh7 Kc7 26.Rxf7+ Kb6 27.Rxf8 Rxf8 28.Qxe5 fxe4
29.Rg7 Rac8 30.fxe4 Nh3 31.a4 Nxf2 32.a5+  1-0

[Event "5th DA Tan Malaysian Open"]
[Site "Kuala Lumpur MAS"]
[Date "2008.08.19"]
[Round "4"]
[White "Wallis,C"]
[Black "Yu Lie"]
[Result "1/2-1/2"]
[WhiteElo "2235"]
[BlackElo "2377"]

1.e4 c5 2.Nf3 Nc6 3.Bb5 e6 4.Bxc6 bxc6 5.d3 Ne7 6.Qe2 Ng6 7.h4 Qc7 8.h5 Nf4
9.Qd2 e5 10.Nxe5 Nxg2+ 11.Kf1 Qxe5 12.Kxg2 Be7 13.f4 Qc7 14.b3 d5 15.Bb2 O-O
16.f5 Qd8 17.Qf2 c4 18.Nd2 cxd3 19.cxd3 dxe4 20.dxe4 Bc5 21.Qxc5 Qxd2+ 22.Qf2 Qg5+
23.Qg3 Qd2+ 24.Qf2 Qg5+ 25.Qg3  1/2-1/2

[Event "5th DA Tan Malaysian Open"]
[Site "Kuala Lumpur MAS"]
[Date "2008.08.19"]
[Round "4"]
[White "Milligan,H"]
[Black "Tan Khai Boon"]
[Result "0-1"]
[WhiteElo "1976"]
[BlackElo "2133"]

1.e4 c5 2.Nf3 Nc6 3.Bb5 d6 4.d4 cxd4 5.Qxd4 Bd7 6.Bxc6 Bxc6 7.Nc3 e6 8.O-O Nf6
9.Bg5 Be7 10.Rad1 O-O 11.Rfe1 Qc7 12.Qd2 Rfd8 13.Nd4 Rac8 14.Nxc6 Qxc6 15.h3 h6
16.Bh4 b5 17.a3 a5 18.Rc1 Qc4 19.Qe2 g5 20.Bg3 b4 21.axb4 axb4 22.Na4 Qxe2
23.Rxe2 Nh5 24.Bh2 Bf6 25.Rd1 Nf4 26.Red2 Be5 27.Bxf4 gxf4 28.f3 Rc6 29.c4 Rxc4
30.b3 Rc6 31.Nb2 Bc3 32.Re2 e5 33.Nc4 Bd4+ 34.Kf1 Ra8 35.Red2 Kf8 36.Ke2 Ke7
37.Kd3 Ke6 38.Rc2 Rca6 39.Rdc1 Ra1 40.Kd2 Rxc1 41.Rxc1 Ra2+ 42.Rc2 Ra1 43.Kd3 Ke7
44.Ke2 Ke6 45.Kd3 Ra6 46.Ke2 Bc3 47.Kd3 f5 48.Nd2 d5 49.exd5+ Kxd5 50.Nb1 e4+
51.Ke2 Kd4 52.Nd2 Rg6 53.g4 fxg3 54.fxe4 fxe4 55.Rc1 Rf6  0-1

[Event "Independence Cup A"]
[Site "Kyiv UKR"]
[Date "2008.08.19"]
[Round "7"]
[White "Dolzhikova,K"]
[Black "Stavroyany,S"]
[Result "1-0"]
[WhiteElo "2339"]
[BlackElo "2236"]

1.e4 c5 2.Nf3 Nc6 3.Bb5 g6 4.Bxc6 dxc6 5.d3 Bg7 6.h3 Nf6 7.Nc3 Nd7 8.Be3 e5
9.O-O Qe7 10.Qd2 h6 11.Nh2 Nf8 12.f4 exf4 13.Bxf4 Ne6 14.Bg3 Nd4 15.Rae1 f6
16.Nd5 cxd5 17.exd5 Ne6 18.dxe6 O-O 19.d4 cxd4 20.Qxd4 Bxe6 21.Qe4 Kf7 22.Ng4 Qc5+
23.Bf2 Qd5 24.Qxd5 Bxd5 25.Bc5 Rfc8 26.Re7+ Kg8 27.Bd4 Rxc2 28.Ne3 Rd2 29.Bxf6 Bf8
30.Rd7 Bxg2 31.Rxd2 Bxf1 32.Kxf1 Kf7 33.Rd8 Rxd8 34.Bxd8 Ke6 35.Ke2 b5 36.Kd3 Bg7
37.b3 Ke5 38.Bc7+ Kf6 39.Ke4 Ke6 40.Nd5 g5 41.Bb8 a6 42.Nc7+ Kd7 43.Nxa6 Bf8
44.Kd5  1-0

[Event "Independence Cup A"]
[Site "Kyiv UKR"]
[Date "2008.08.19"]
[Round "7"]
[White "Shankovsky,A"]
[Black "Kernazhitsky,L"]
[Result "1-0"]
[WhiteElo "2265"]
[BlackElo "2349"]

1.e4 c5 2.Nf3 Nc6 3.Bb5 g6 4.Bxc6 dxc6 5.d3 Bg7 6.Nc3 Nf6 7.Be3 b6 8.Qd2 h6
9.h3 Nd7 10.O-O e5 11.Nh2 Nf8 12.f4 exf4 13.Rxf4 Be6 14.a4 a5 15.Raf1 Nd7
16.R4f2 Ne5 17.Ne2 Qe7 18.Nf3 Nxf3+ 19.Rxf3 O-O-O 20.c3 Rd7 21.b4 cxb4 22.Bxb6 bxc3
23.Qc2 Rb7 24.Be3 Rb2 25.Qd1 Qb4 26.Kh1 Rd8 27.Nc1 c2 28.Qe2 Qxa4 29.Rxf7 Bxf7
30.Rxf7 Rb7 31.Qg4+ Kb8 32.Qf4+ Ka8 33.Rxb7 Kxb7 34.Qf7+ Kc8 35.Qxg7 Qb4
36.Bf4 Qb7 37.Qxg6 a4 38.Qe6+ Rd7 39.Qg8+ Rd8 40.Qa2 Rf8 41.g3 Qd7 42.Kg2 Qg7
43.Qxa4 Kb7 44.Qb3+ Ka8 45.Be3 Qf6 46.Kh2 Rb8 47.Qa4+ Kb7 48.Qxc2 Kc8 49.d4 Kd7
50.Nd3 Ke8 51.Ne5 Rc8 52.Qa2  1-0

[Event "ch-SLO w"]
[Site "Ljubljana SLO"]
[Date "2008.08.19"]
[Round "3"]
[White "Nadvesnik,V"]
[Black "Bucar,N"]
[Result "1-0"]
[WhiteElo "1939"]
[BlackElo "1848"]

1.e4 c5 2.Nf3 Nc6 3.Bb5 g6 4.O-O Bg7 5.c3 a6 6.Bxc6 dxc6 7.d4 cxd4 8.Nxd4 Nf6
9.f3 e5 10.Nb3 O-O 11.Be3 Qc7 12.Na3 b6 13.Qe2 a5 14.Rfd1 Ba6 15.Qf2 Rfb8
16.Rd2 a4 17.Nc1 Bf8 18.Nd3 c5 19.Rad1 Bxd3 20.Rxd3 c4 21.R3d2 b5 22.Qh4 Ra6
23.Nc2 a3 24.bxa3 Bc5 25.Bxc5 Qxc5+ 26.Qf2 Qc7 27.Qe3 Kg7 28.g3 Ra7 29.Rd6 Qe7
30.Nd4 Rxa3 31.Nc6 Qc7 32.Nxb8 Qxb8 33.Qc5 Rxc3 34.Rd8 Qxd8 35.Rxd8 Nxe4
36.Qxe5+ Kh6 37.Qxe4  1-0

[Event "44th Rubinstein Mem Open A"]
[Site "Polanica Zdroj POL"]
[Date "2008.08.19"]
[Round "1"]
[White "Szwed,J"]
[Black "Markowski,P"]
[Result "1-0"]
[WhiteElo "2319"]
[BlackElo "2119"]

1.e4 c5 2.Nf3 Nc6 3.Bb5 g6 4.c3 Bg7 5.d4 cxd4 6.cxd4 Nf6 7.Nc3 d5 8.Ne5 O-O
9.Nxc6 bxc6 10.Bxc6 Rb8 11.e5 Ne4 12.Nxe4 dxe4 13.O-O Rb4 14.Be3 Ba6 15.Re1 Rxb2
16.Qa4 Bd3 17.Qxa7 f6 18.a4 fxe5 19.d5 Qd6 20.a5 Qf6 21.Kh1  1-0

[Event "Alan Benson IM"]
[Site "San Francisco USA"]
[Date "2008.08.19"]
[Round "9"]
[White "Mezentsev,V"]
[Black "Aigner,M USA"]
[Result "1-0"]
[WhiteElo "2400"]
[BlackElo "2234"]

1.e4 c5 2.Nf3 Nc6 3.Bb5 g6 4.O-O Bg7 5.c3 Nf6 6.Qe2 O-O 7.e5 Nd5 8.Qc4 Qb6
9.d4 Nc7 10.Bxc6 dxc6 11.dxc5 Qa6 12.Qh4 Bf5 13.Nbd2 f6 14.Re1 Rae8 15.Qc4+ Be6
16.Qxa6 Nxa6 17.b4 Bd5 18.Bb2 Rd8 19.a3 Bxf3 20.Nxf3 f5 21.Rad1 Nc7 22.Nd4 Rd5
23.f4 Rfd8 24.Kf2 Nb5 25.c4 Rxd4 26.Bxd4 Nxd4 27.Re3 Ne6 28.Rxd8+ Nxd8 29.Rd3 Ne6
30.Rd7 Kf7 31.Rxb7 Nxf4 32.Rxa7 Bxe5 33.g3 Nd3+ 34.Ke2 Nb2 35.b5 f4 36.gxf4 Bxf4
37.h3 Nxc4 38.b6 Ke6 39.Kf3 g5 40.Ke4 Nd2+ 41.Kd4 Nf3+ 42.Kc4 Ne5+ 43.Kc3 Kd5
44.Rxe7 Kxc5 45.b7 Ng6 46.Re8 h5 47.Rg8 Kb6 48.b8=Q+ Bxb8 49.Rxb8+ Ka5 50.Rg8 Nf4
51.Rxg5+ Ka4 52.h4 Nd5+ 53.Kb2 Ne3 54.Rxh5  1-0

[Event "5th DA Tan Malaysian Open"]
[Site "Kuala Lumpur MAS"]
[Date "2008.08.20"]
[Round "6"]
[White "Senador,E"]
[Black "Simanjuntak,S"]
[Result "1-0"]
[WhiteElo "2390"]
[BlackElo "2256"]

1.e4 c5 2.Nf3 Nc6 3.Bb5 Qb6 4.Nc3 Nd4 5.Nd5 Qd8 6.Nxd4 cxd4 7.c4 e6 8.Nf4 Qc7
9.d3 Bb4+ 10.Bd2 Qa5 11.a3 Bxd2+ 12.Qxd2 Qxd2+ 13.Kxd2 Ne7 14.c5 O-O 15.Rhf1 Rb8
16.Rac1 b6 17.c6 dxc6 18.Bxc6 Rd8 19.Rc2 Bd7 20.Bxd7 Rxd7 21.Rfc1 h6 22.Rc7 Rb7
23.Rxb7 Rxb7 24.e5 Rd7 25.Ke2 Kh7 26.Kf3 Nd5 27.Nxd5 Rxd5 28.Ke4 Kg6 29.f4 f5+
30.exf6 Kxf6 31.Rc4 Rd7 32.Rxd4 Rc7 33.Rc4 Rd7 34.Rc6 Rd5 35.g4 g6 36.d4 Rb5
37.b4 a5 38.bxa5 bxa5 39.Ra6 Ke7 40.h4 h5 41.Ra7+ Kd6 42.Ra6+ Ke7 43.g5 Rb1
44.Ra7+ Kd6 45.Ra6+ Ke7 46.Rxa5 Re1+ 47.Kf3 Rf1+ 48.Ke3 Re1+ 49.Kf2 Re4 50.Kf3 Rxd4
51.Ra7+ Kd6 52.Rg7 Rd3+ 53.Ke4 Rxa3 54.Rxg6 Ra4+ 55.Ke3 Kd5 56.Rh6 Ra3+ 57.Kd2 Ke4
58.Rxh5 Kxf4 59.g6 Ra7 60.Rg5 Rg7 61.Ke2 e5 62.Ke1 e4 63.Kf2 e3+ 64.Ke2  1-0

[Event "U16 Olympiad"]
[Site "Mersin TUR"]
[Date "2008.08.20"]
[Round "5"]
[White "Kaya,E"]
[Black "Ashiku,F"]
[Result "1-0"]
[WhiteElo "1889"]
[BlackElo "2056"]

1.e4 c5 2.Nf3 Nc6 3.Bb5 g6 4.Bxc6 dxc6 5.O-O Bg7 6.Re1 e5 7.c3 Ne7 8.d3 h6
9.Be3 b6 10.Na3 O-O 11.Nc4 Bg4 12.b3 f5 13.h3 fxe4 14.dxe4 Bxf3 15.gxf3 g5
16.Qxd8 Rfxd8 17.Rad1 Ng6 18.Nd6 Nh4 19.Rf1 Nxf3+ 20.Kh1 Rd7 21.Nf5 Rad8
22.Rxd7 Rxd7 23.Kg2 Nh4+ 24.Nxh4 gxh4 25.c4 a5 26.Rb1 Kf7 27.Kf3 Kg6 28.Rb2 Bf6
29.Rd2 Rxd2 30.Bxd2 Bg5 31.Bc3 Bf6 32.Kg4 h5+ 33.Kf3 Kf7 34.Bd2 Kg6 35.Ke2 Bd8
36.f4 Bc7 37.Kf3 Kf7 38.fxe5 Bd8 39.Bh6 Be7 40.e6+ Kxe6 41.a4 Ke5 42.Bg7+ Ke6
43.Kf4 Bd8 44.Bh6 Bc7+ 45.Ke3 Bd8 46.Bf4 Kf6 47.Bb8 Ke6 48.Kf4 b5 49.e5 b4
50.Bd6 Bb6 51.Kg5 Bd8+ 52.Kg6 Bb6 53.Kxh5 Kf5 54.Kxh4 Bd8+ 55.Kg3 Ke4 56.h4 Kf5
57.h5 Bg5 58.Bc7 Bh6 59.Bxa5 Bf4+ 60.Kf3 Bxe5 61.Bb6 Ke6 62.Bxc5 Bc3 63.Ke4 Bd2
64.Be3 Bc3 65.h6 Kd6 66.Bd4 c5 67.Bxc3  1-0

[Event "XIII Konik Morski Open A"]
[Site "Rewal POL"]
[Date "2008.08.20"]
[Round "1"]
[White "Wieczorek,Z"]
[Black "Baturo,T"]
[Result "0-1"]
[WhiteElo "2317"]
[BlackElo "2059"]

1.e4 c5 2.Nf3 Nc6 3.Bb5 g6 4.Bxc6 bxc6 5.O-O Bg7 6.d3 d6 7.e5 Nh6 8.exd6 exd6
9.Re1+ Be6 10.Ng5 O-O 11.Nxe6 fxe6 12.Bxh6 Bxh6 13.Rxe6 Rb8 14.Na3 Bg7 15.c3 Rxb2
16.Qe1 Rbxf2 17.Nc4 Qg5 18.Ne3 Qf4 19.Re4 Qf7 20.Ng4 Rb2 21.h3 h5 22.Ne3 d5
23.Ra4 Bh6 24.Nd1 Rd2 25.d4 c4 26.Rb1 Re8 27.Qf1 Qe7 28.Rb2 Rf8 29.Qxf8+ Kxf8  0-1

[Event "Open A"]
[Site "Vladimir RUS"]
[Date "2008.08.21"]
[Round "9"]
[White "Maximov,An"]
[Black "Ayzatulin,R"]
[Result "1-0"]
[WhiteElo "2146"]
[BlackElo "2034"]

1.e4 c5 2.Nf3 Nc6 3.Bb5 g6 4.O-O Bg7 5.Re1 e5 6.Bxc6 dxc6 7.d3 Ne7 8.Be3 b6
9.Qc1 h5 10.Nbd2 f6 11.a4 a5 12.Nc4 Be6 13.b3 g5 14.Bxg5 Bxc4 15.bxc4 fxg5
16.Qxg5 Kf7 17.Nxe5+ Bxe5 18.Qxe5 Ng6 19.Qf5+ Kg7 20.Rab1 Rf8 21.Qxh5 Qd4
22.Re2 Rf4 23.g3 Rh8 24.Qg5 Rf7 25.Rxb6 Rxh2 26.Kxh2 Rxf2+ 27.Rxf2 Qxf2+
28.Kh3 Qf1+ 29.Kg4 Qe2+ 30.Kf5 Qf3+ 31.Ke6 Qf7+ 32.Kd6 Kh7 33.Kxc6 Kh8 34.Qh6+ Kg8
35.Rb8+ Nf8 36.Rxf8+  1-0

[Event "5th DA Tan Malaysian Open"]
[Site "Kuala Lumpur MAS"]
[Date "2008.08.22"]
[Round "7"]
[White "Hasan,Me"]
[Black "Bennett,H"]
[Result "1-0"]
[WhiteElo "2264"]
[BlackElo "2043"]

1.e4 c5 2.Nf3 Nc6 3.Bb5 g6 4.Bxc6 bxc6 5.d4 Bg7 6.O-O cxd4 7.Nxd4 Nf6 8.Nc3 Qc7
9.e5 Nd5 10.Nxd5 cxd5 11.Re1 O-O 12.Bf4 Qb6 13.Re3 Bb7 14.c3 a5 15.Qd2 Rfc8
16.Rae1 a4 17.Rh3 Qd8 18.Bh6 Qf8 19.Bxg7 Qxg7 20.Nf5 gxf5 21.Rg3 Qxg3 22.hxg3 e6
23.Qg5+ Kf8 24.g4 fxg4 25.Qxg4 a3 26.b3 Ra5 27.Qb4+ Rac5 28.Qxb7 Rxc3 29.Qb4+  1-0

[Event "5th DA Tan Malaysian Open"]
[Site "Kuala Lumpur MAS"]
[Date "2008.08.22"]
[Round "8"]
[White "Bancod,Ron"]
[Black "Kojima,S"]
[Result "0-1"]
[WhiteElo "2375"]
[BlackElo "2253"]

1.e4 c5 2.Nf3 Nc6 3.Bb5 Nf6 4.Nc3 Qc7 5.h3 Nd4 6.a4 a6 7.Bc4 e6 8.d3 Be7
9.O-O O-O 10.Be3 Nc6 11.Qd2 b6 12.Bf4 d6 13.Rae1 Bb7 14.Bb3 Rad8 15.Qc1 Rfe8
16.Bh2 Nd7 17.Bg3 Bf6 18.Nh2 Nd4 19.Bc4 Ne5 20.Ng4 Nxg4 21.hxg4 Qe7 22.Bf4 h6
23.Ne2 b5 24.axb5 axb5 25.Ba2 Ra8 26.Bb1 b4 27.Ng3 Ba6 28.c3 bxc3 29.bxc3 Nc6
30.Nh5 Be5 31.Re3 g6 32.Bxh6 gxh5 33.gxh5 Kh7 34.Rh3 Rg8 35.Be3 Rab8 36.f4 Rxb1
37.Qxb1 Bxc3 38.Qb6 Nb4 39.e5 Qb7 40.Qxb7 Bxb7 41.g3 Nd5 42.Kf2 Ra8 43.Rb1 Bc6
44.g4 Ra2+ 45.Kf1 Nxe3+ 46.Rxe3 Bg2+  0-1

[Event "U16 Olympiad"]
[Site "Mersin TUR"]
[Date "2008.08.22"]
[Round "7"]
[White "Vardanian,HaiG"]
[Black "Ynojosa,F"]
[Result "1-0"]
[WhiteElo "2177"]
[BlackElo "2101"]

1.e4 c5 2.Nf3 Nc6 3.Bb5 e6 4.Bxc6 bxc6 5.d3 d5 6.c4 Bd6 7.e5 Bc7 8.O-O Ne7
9.Nc3 Ng6 10.Re1 O-O 11.Bg5 Qe8 12.Na4 h6 13.Be3 d4 14.Bc1 Qe7 15.b3 f6 16.Ba3 fxe5
17.Bxc5 Bd6 18.Nxe5 Nxe5 19.Rxe5 Rxf2 20.Bxd6 Qxd6 21.Qh5 Rf5 22.Rxf5 exf5
23.Qe8+ Kh7 24.Re1 f4 25.Qe4+ Kh8 26.Rf1 Bd7 27.Qxf4 Qg6 28.Qxd4 Bf5 29.Rf3 Re8
30.Re3 Rxe3 31.Qxe3 Bxd3 32.h3 Be4 33.Qf2 Qg5 34.Kh2 Qe5+ 35.Qg3 Qd4 36.Nc3 Bd3
37.Qe1 Qf4+ 38.Kh1 Kh7 39.Na4 Qg5 40.Nb2 Bc2 41.Kg1 Qf6 42.Na4 Qd4+ 43.Kh2 Bd3
44.Kg3 Qd6+ 45.Kf3 Qf6+ 46.Kg3 Qd6+ 47.Kf2 Qf6+ 48.Kg1 Bg6 49.Qc3 Qg5 50.b4 Be4
51.g3 Qh5 52.g4 Qf7 53.Nc5 Bb1 54.Qb2 Bg6 55.Qc3 Qf4 56.Ne6 Qf7 57.Qe5 Bd3
58.Qe3 Qf1+ 59.Kh2 Bxc4 60.Nf4 Qb1 61.a3 Qc2+ 62.Kg3 a6 63.h4 Qb3 64.Qxb3 Bxb3
65.g5 hxg5 66.hxg5 g6 67.Kf3 Bc2 68.Ne6 Kg8 69.Kf4 Bd1 70.Ke5 Kf7 71.Nd8+ Ke7
72.Nxc6+ Kf7 73.Kd6 Be2 74.Ne5+ Kg7 75.Ke7 Bd1 76.Nd7 Be2 77.Nc5 Bf1 78.a4 Be2
79.Ne4 Bd1 80.Nc3 Bc2 81.b5 Bxa4 82.bxa6 Bc6 83.Nb1 Be4 84.Nd2 Bd5 85.a7 Bc6
86.Nc4 Bf3 87.Ne5 Be4 88.Kd6 Kf8 89.Nc6 Bxc6 90.Kxc6  1-0

[Event "U16 Olympiad"]
[Site "Mersin TUR"]
[Date "2008.08.22"]
[Round "7"]
[White "Yaksin,O"]
[Black "Pascua,H"]
[Result "0-1"]
[WhiteElo "2307"]
[BlackElo "2174"]

1.e4 c5 2.Nf3 Nc6 3.Bb5 g6 4.Bxc6 dxc6 5.h3 Bg7 6.d3 Nf6 7.Nc3 O-O 8.Be3 b6
9.Qd2 e5 10.Bh6 Qd6 11.O-O-O a5 12.Qg5 Re8 13.Nh2 a4 14.a3 b5 15.Bxg7 Kxg7
16.Ng4 Nh5 17.Qh6+ Kg8 18.g3 b4 19.Nb1 Rb8 20.Qe3 Be6 21.Nd2 bxa3 22.bxa3 Ba2
23.Rde1 Re7 24.Kd1 c4 25.Ke2 Qxa3 26.dxc4 Qb4 27.Qd3 Ree8 28.c3 Qb2 29.Rb1 Bxb1
30.Rxb1 Qa3 31.Qd7 Qf8 32.Ra1 Red8 33.Qxc6 Rb2 34.Rd1 a3 35.Nxe5 a2 36.Nd3 Rc2
37.Qa4 Rxc3 38.Nb3 Ra8 39.Qb5 Rxb3 40.Qxb3 a1=Q 41.Rxa1 Rxa1 42.c5 Qa8 43.Ke3 Nf6
44.f3 Ra3 45.Qc4 Nd7 46.Qd4 Qa4 47.Qd5 Qb5 48.Kd2 Qa5+ 49.Ke2 Ra2+ 50.Kf1 Qd2  0-1

[Event "44th Rubinstein Mem Open A"]
[Site "Polanica Zdroj POL"]
[Date "2008.08.22"]
[Round "4"]
[White "Walkusz,W"]
[Black "Brynski,D"]
[Result "0-1"]
[WhiteElo "2151"]
[BlackElo "2064"]

1.e4 c5 2.Nf3 Nc6 3.Bb5 g6 4.O-O Bg7 5.c3 e5 6.d4 cxd4 7.cxd4 exd4 8.e5 Nge7
9.Na3 O-O 10.Re1 d5 11.Bf4 Qb6 12.Qd2 Bf5 13.h3 Rac8 14.g4 Be6 15.Rad1 a6
16.Bf1 Rfd8 17.Bh6 Bh8 18.Bg5 Rd7 19.Bf6 Bg7 20.Qf4 Qxb2 21.Ng5 Nd8 22.Rd3 Qb6
23.h4 h6 24.Bxg7 Kxg7 25.Qf6+ Kg8 26.h5 Rc6 27.hxg6 Nxg6 28.Nxe6 Rxe6 29.Qf5 Nc6
30.Rc1 Qd8 31.Nc2 Ngxe5 32.Nxd4 Nxd4 33.Rxd4 Qg5 34.Qxg5+ hxg5 35.Bg2 Red6
36.Rcd1 Kg7 37.Rxd5 Rxd5 38.Rxd5 Rxd5 39.Bxd5 b6 40.f3 Kf6 41.Kf2 Ke7 42.Ke3 Kd6
43.Ke4 f6 44.Bb7 a5 45.Kf5 Ke7 46.Ke4 a4 47.Ba6 a3 48.Be2 Ke6 49.f4 gxf4
50.Kxf4 Nc6 51.Bc4+ Kd6 52.Ke4 Kc5 53.Bg8 Nd4 54.Kd3 b5 55.Kd2 b4 56.Kc1 Kd6
57.Bc4 Ke5 58.Ba6 Kf4 59.Bc8 Kf3 60.Bd7 Ke3 61.Bc8 Kd3 62.Kb1 Kc3 63.Bb7 Nc2
64.Bd5 Ne3 65.Be6 Kd2 66.Bc8 Nd5 67.Be6 Nc3+ 68.Ka1 Kc1 69.Bb3 Ne2 70.Bc4 Nd4
71.Bd3 Nc2+ 72.Bxc2 Kxc2 73.g5 b3 74.axb3 fxg5  0-1

[Event "5th DA Tan Malaysian Open"]
[Site "Kuala Lumpur MAS"]
[Date "2008.08.23"]
[Round "9"]
[White "Mok Tze Meng"]
[Black "Simanjuntak,S"]
[Result "1/2-1/2"]
[WhiteElo "2308"]
[BlackElo "2256"]

1.e4 c5 2.Nf3 Nc6 3.Bb5 Qb6 4.Nc3 e6 5.O-O Nge7 6.Re1 Nd4 7.Bf1 d6 8.Ne2 Nxf3+
9.gxf3 e5 10.c3 Ng6 11.d4 Be7 12.Bg2 Nh4 13.f4 Bg4 14.Qd3 O-O 15.f3 c4 16.Qe3 Bd7
17.dxe5 Qa5 18.Rd1 dxe5 19.Rxd7 Bc5 20.Nd4 exd4 21.cxd4 Qa4 22.Rd5 Bb6 23.Bd2 Rad8
24.Rxd8 Rxd8 25.Bc3 Qc2 26.Bf1 h6 27.Rc1 Qa4 28.a3 Qd7 29.Rd1 Ng6 30.Bg2 Qc7
31.f5 Ne5 32.Qf4 Qe7 33.Bf1 Nc6 34.Bxc4 Bxd4+ 35.Bxd4 Rxd4 36.Rxd4 Nxd4 37.Kg2 Nc6
38.f6 Qxf6 39.Qxf6 gxf6 40.Bd5 Nd8 41.Kg3 Kg7 42.f4 Kg6 43.f5+ Kg7 44.b4 Kf8
45.Kg4 Kg7 46.a4 Kf8 47.h4 Kg7 48.Kf4 Kf8 49.b5 Ke7 50.a5 Kf8 51.Kg4 Kg7
52.Kf4 Kf8 53.Ke3 Ke7 54.Kf4 Kf8 55.Kg4 Kg7 56.Kh5 Kh7 57.Bc4 Kg7 58.Bd3 a6
59.Bc4 axb5 60.Bxb5 Kh7 61.Kg4 Kg7 62.Kf4 Kf8 63.e5 Ke7 64.Ke4 fxe5 65.Kxe5 f6+
66.Kd5 Nf7 67.Kc5 Nd6 68.Bd3 Kd7 69.Kb6 Kc8 70.Be2 Kb8 71.Bd3 Kc8 72.Be2 Kb8
73.Bf3 Nc4+ 74.Kc5 Ne3 75.Kb6 Nc4+ 76.Kb5 Nd6+ 77.Kb6  1/2-1/2

[Event "5th DA Tan Malaysian Open"]
[Site "Kuala Lumpur MAS"]
[Date "2008.08.23"]
[Round "10"]
[White "Megaranto,S"]
[Black "Yap,K"]
[Result "1-0"]
[WhiteElo "2532"]
[BlackElo "2321"]

1.e4 c5 2.Nf3 Nc6 3.Bb5 e6 4.O-O Nge7 5.Re1 Nd4 6.Nxd4 cxd4 7.d3 a6 8.Ba4 Nc6
9.Nd2 Be7 10.Qh5 O-O 11.Nf3 b5 12.Bb3 d6 13.Bd2 Bf6 14.Ng5 Bxg5 15.Bxg5 Qc7
16.Rac1 Na5 17.c3 Nxb3 18.axb3 Qa7 19.cxd4 Qxd4 20.Re3 g6 21.Qh6 Qg7 22.Qh4 Qxb2
23.Ree1 f6 24.Rc7 h5 25.Bc1 Qe5 26.Bf4  1-0

[Event "ch-SLO w"]
[Site "Ljubljana SLO"]
[Date "2008.08.23"]
[Round "8"]
[White "Topic,Je"]
[Black "Mihevc,N"]
[Result "1/2-1/2"]
[WhiteElo "1866"]
[BlackElo "2134"]

1.e4 c5 2.Nf3 Nc6 3.Bb5 d6 4.O-O e5 5.c3 g5 6.d4 g4 7.Ne1 Qb6 8.Bxc6+ Qxc6
9.dxe5 dxe5 10.Qd5 Qxd5 11.exd5 Bd7 12.c4 O-O-O 13.Nd3 Bd6 14.Nc3 Bf5 15.Rd1 e4
16.Nf4 Nf6 17.Be3 Nd7 18.Rac1 Kb8 19.Nfe2 Ka8 20.Ng3 Bxg3 21.hxg3 Ne5 22.b3 b6
23.Rc2 Nd3 24.Re2 f6 25.Bf4 Rhe8 26.Bh6 Bg6 27.Nb5 Kb7 28.Bf4 Nxf4 29.gxf4 a6
30.Nc3 g3 31.Rde1 gxf2+ 32.Kxf2 f5 33.Re3 Rf8 34.a4 a5 35.Nb5  1/2-1/2

[Event "U16 Olympiad"]
[Site "Mersin TUR"]
[Date "2008.08.23"]
[Round "9"]
[White "Durarbeyli,V"]
[Black "Pascua,H"]
[Result "1-0"]
[WhiteElo "2413"]
[BlackElo "2174"]

1.e4 c5 2.Nf3 Nc6 3.Bb5 g6 4.c3 Bg7 5.d4 cxd4 6.cxd4 Nf6 7.Nc3 d5 8.e5 Ne4
9.Qa4 Bd7 10.Nxd5 a6 11.Qa3 Nxe5 12.Bxd7+ Nxd7 13.Bf4 Rc8 14.O-O Ndf6 15.Nxf6+ Nxf6
16.Rfe1 O-O 17.Rxe7 Nd5 18.Re4 Nxf4 19.Rxf4 Re8 20.Qb3 Qc7 21.g3 b5 22.Ng5 Re7
23.a4 Qc4 24.Qf3 Rd8 25.axb5 axb5 26.b3 Qc7 27.Ra8 h6 28.Rxf7 hxg5 29.Rxe7 Qxe7
30.Qd5+  1-0

[Event "U16 Olympiad"]
[Site "Mersin TUR"]
[Date "2008.08.23"]
[Round "9"]
[White "Sethuraman,S"]
[Black "Nuri,Kam"]
[Result "1-0"]
[WhiteElo "2425"]
[BlackElo "2168"]

1.e4 c5 2.Nf3 Nc6 3.Bb5 e6 4.O-O Nge7 5.Re1 a6 6.Bxc6 Nxc6 7.d4 cxd4 8.Nxd4 Be7
9.Nxc6 dxc6 10.Qg4 Qd4 11.Nd2 Qf6 12.Nc4 O-O 13.e5 Qg6 14.Qxg6 hxg6 15.Nb6 Rb8
16.Be3 Rd8 17.Rad1 Kf8 18.Bc5 Ke8 19.Rxd8+ Kxd8 20.Rd1+ Ke8 21.Bxe7 Kxe7
22.b4 Ke8 23.f4 Ke7 24.Kf2 Ke8 25.Kf3 Ke7 26.Kg4 Ke8 27.Kg5 Ke7 28.Rd3 Ke8
29.c4 Ke7 30.c5 Ke8 31.Rh3  1-0

[Event "44th Rubinstein Mem Open A"]
[Site "Polanica Zdroj POL"]
[Date "2008.08.23"]
[Round "5"]
[White "Szwed,J"]
[Black "Swiech,Pr"]
[Result "1-0"]
[WhiteElo "2319"]
[BlackElo "2027"]

1.e4 c5 2.Nf3 Nc6 3.Bb5 d6 4.d4 cxd4 5.Qxd4 Bd7 6.Bxc6 Bxc6 7.Nc3 e5 8.Qd3 Be7
9.O-O h6 10.Nd5 Bxd5 11.Qxd5 Qd7 12.c4 Nf6 13.Qd3 Qc6 14.Re1 Nd7 15.Be3 O-O
16.b4 b6 17.Nd2 Rac8 18.a3 Rfd8 19.Rac1 Nf8 20.g3 g5 21.Qe2 Qd7 22.Nb1 f5
23.exf5 Qxf5 24.Nc3 Ng6 25.Nd5 Kh8 26.Qh5 Kg7 27.h4 Qh3 28.Red1 Rd7 29.Rc3 Rg8
30.Rcd3 Bd8 31.Qe2 Kh7 32.hxg5 hxg5 33.Qf3 Nf4 34.Bxf4 gxf4 35.Nc3 fxg3 36.fxg3 Rdg7
37.Ne4 Bh4 38.Qh5+  1-0